Historische Weltreiche - Statistiken

Allgemein
  • Dieses Quiz wurde 226 mal gespielt
  • Das Durchschnittsergebnis liegt bei 8 aus 14
Antwortstatistiken
Bildquiz Antwort % Korrekt
Römisches Reich
91%
Osmanisches Reich
77%
Spanisches Reich
64%
Mongolisches Reich
63%
Russisches Reich
60%
Britisches Reich
59%
Französisches Reich
58%
Österreich-Ungarn
57%
Italienisches Reich
54%
Japanisches Reich
52%
Portugiesisches Reich
48%
Inkareich
45%
Mexikanisches Reich
41%
Persisches Reich
41%
Keine übereinstimmenden Quizze gefunden
Verteilung der Resultate
Anzahl Personen mit jedem Resultat
Perzentil nach korrekt beantworteten Fragen
Ihre Resultats-Entwicklung
Sie haben dieses Quiz noch nicht gespielt